00920 2200325 4500001002100000005001500021035002000036007000300056008004100059040001700100100002100117245007900138250001000217300003600227504002900263020002200292041000800314082001600322084002100338090002100359260004000380500003300420600001700453700001800470850001000488990002400498990002400522990002400546990002400570INLIS00000000000209220260603102358 a0010-0120000535ta260603 0  aSBPUPADbInd0 aH.Rahmat Rukmana1 aWirausaha Ternak Puyuh Secara Intensif /cH. Rahmat Rukmana; Editor, Ignas aEd. 1 aviii,195 hal. :bilus ;c23 cm. abibliografi, hlm 187-191 a978-979-29-6121-8 aInd a333.958.627 a33.958.627 RAH w a33.958.627 RAH w aYogyakarta :bLili Publisher,c2017 aTentang Penulis ,Hlm 193-195 4aIlmu Ekonomi aEditor: Ignas aPUPAD a32.977/DAK/DPK/2019 a32.974/DAK/DPK/2019 a32.976/DAK/DPK/2019 a32.975/DAK/DPK/2019